
Library Catalogue

| 000 -LEADER | |
|---|---|
| fixed length control field | 00884cam a22002535i 4500 |
| 001 - CONTROL NUMBER | |
| control field | 17879908 |
| 005 - DATE AND TIME OF LATEST TRANSACTION | |
| control field | 20240216123400.0 |
| 008 - FIXED-LENGTH DATA ELEMENTS--GENERAL INFORMATION | |
| fixed length control field | 130909s2013 nyu 000 0 eng |
| 020 ## - INTERNATIONAL STANDARD BOOK NUMBER | |
| International Standard Book Number | 9783642412929 (pbk.) |
| 082 ## - DEWEY DECIMAL CLASSIFICATION NUMBER | |
| Classification number | 346.0486 STO |
| 100 ## - MAIN ENTRY--PERSONAL NAME | |
| Personal name | Storz, Ulrich |
| 245 00 - TITLE STATEMENT | |
| Title | Biopatent law : |
| Remainder of title | European vs. US patent law / |
| Statement of responsibility, etc. | by Ulrich Storz et al. |
| 264 #1 - PRODUCTION, PUBLICATION, DISTRIBUTION, MANUFACTURE, AND COPYRIGHT NOTICE | |
| Place of production, publication, distribution, manufacture | New York : |
| Name of producer, publisher, distributor, manufacturer | Springer, |
| Date of production, publication, distribution, manufacture, or copyright notice | 2014. |
| 300 ## - PHYSICAL DESCRIPTION | |
| Extent | viii, 69 p. ; |
| Dimensions | 24 cm. |
| 653 ## - INDEX TERM--UNCONTROLLED | |
| Uncontrolled term | Biopatent law. |
| 653 ## - INDEX TERM--UNCONTROLLED | |
| Uncontrolled term | Patent law. |
| 700 ## - ADDED ENTRY--PERSONAL NAME | |
| Personal name | Quodbach, Martin |
| Relator term | author. |
| 700 ## - ADDED ENTRY--PERSONAL NAME | |
| Personal name | Marty, Scott D. |
| Relator term | author. |
| 700 ## - ADDED ENTRY--PERSONAL NAME | |
| Personal name | Constantine, Derek E. |
| Relator term | author. |
| 700 ## - ADDED ENTRY--PERSONAL NAME | |
| Personal name | Parker, Matthew |
| Relator term | author. |
| 856 42 - ELECTRONIC LOCATION AND ACCESS | |
| Materials specified | Publisher description |
| Uniform Resource Identifier | <a href="http://www.loc.gov/catdir/enhancements/fy1318/2013950015-d.html">http://www.loc.gov/catdir/enhancements/fy1318/2013950015-d.html</a> |
| 856 41 - ELECTRONIC LOCATION AND ACCESS | |
| Materials specified | Table of contents |
| Uniform Resource Identifier | <a href="http://www.loc.gov/catdir/enhancements/fy1318/2013950015-t.html">http://www.loc.gov/catdir/enhancements/fy1318/2013950015-t.html</a> |
| 942 ## - ADDED ENTRY ELEMENTS (KOHA) | |
| Source of classification or shelving scheme | Dewey Decimal Classification |
| Koha item type | CIPRA Office Library Collection |
| Withdrawn status | Lost status | Source of classification or shelving scheme | Damaged status | Not for loan | Home library | Current library | Shelving location | Date acquired | Total Checkouts | Full call number | Barcode | Date last seen | Price effective from | Koha item type | Public note |
|---|---|---|---|---|---|---|---|---|---|---|---|---|---|---|---|
| Dewey Decimal Classification | . | . | 16.02.2024 | 346.0486 STO | 56/MHRD | 16.02.2024 | 16.02.2024 | CIPRA Office Library Collection | From CIPRA office library collection |